Normal view
MARC view
- بدران،شبل
Entry Personal Name
001 - CONTROL NUMBER
- control field: 15469
003 - CONTROL NUMBER IDENTIFIER
- control field: JO-AjAnu
005 - DATE AND TIME OF LATEST TRANSACTION
- control field: 20230606072752.0
008 - FIXED-LENGTH DATA ELEMENTS
- fixed length control field: 230606|| aca||aabn | a|a d
040 ## - CATALOGING SOURCE
- Original cataloging agency: JO-AjAnu
- Transcribing agency: JO-AjAnu
100 ## - HEADING--PERSONAL NAME
- Personal name: بدران،شبل
670 ## - SOURCE DATA FOUND
- Source citation: Work cat.: (JO-AjAnu)7944: بدران،شبل, author, كما يكون المجتمع تكون التربية